Normal view
MARC view
- Sexual harassment
Entry Topical Term
001 - CONTROL NUMBER
- control field: 94794
003 - CONTROL NUMBER IDENTIFIER
- control field: NUST
005 - DATE AND TIME OF LATEST TRANSACTION
- control field: 20220724180126.0
008 - FIXED-LENGTH DATA ELEMENTS
- fixed length control field: 220724|| aca||aabn | a|a d
040 ## - CATALOGING SOURCE
- Original cataloging agency: NUST
- Transcribing agency: NUST
150 ## - HEADING--TOPICAL TERM
- Topical term or geographic name entry element: Sexual harassment
- Geographic subdivision: United States
- Form subdivision: Encyclopedias
670 ## - SOURCE DATA FOUND
- Source citation: Work cat.: (NUST)0: Sexual harassment and misconduct :
